| 000 | 00435nab a2200145Ia 4500 | ||
|---|---|---|---|
| 003 | ES-SlBCS | ||
| 005 | 20210601141717.0 | ||
| 008 | 140529s2005 xxu||||| |||| 00| 0 spa d | ||
| 041 | _aspa | ||
| 100 | 1 |
_aGarcía Fernández, Alicia _9253858 |
|
| 245 | 0 | 0 |
_aAlcionismo en Nietzsche _c Alicia García Fernández |
| 650 | 0 | 4 |
_aAlcíone-Nietzsche _9260048 |
| 773 | 0 |
_tEstudios Nietzsche _gnº. 5, 2005, págs. 153-166 _wRev1201 |
|
| 942 | _cAR | ||
| 999 |
_c665087 _d665087 |
||